书目信息 |
| 题名: |
位错
|
|
| 作者: | Friedel , 弗里埃德尔 著 ;王煜 译 | |
| 分册: | ||
| 出版信息: | 北京 科学出版社 1984 |
|
| 页数: | 462页 | |
| 开本: | 25cm | |
| 丛书名: | ||
| 单 册: | ||
| 中图分类: | O77 | |
| 科图分类: | ||
| 主题词: | 位错 | |
| 电子资源: | ||
| ISBN: | ||
| 000 | 00764nam0 2200289 45 | |
| 001 | 0184002288 | |
| 005 | 20060819092957.51 | |
| 010 | @dCNY4.60(精装¥5.60) | |
| 091 | @aCN@b13031.2420 | |
| 100 | @a19950407d1984 emky0chiy0121 ea | |
| 101 | 1 | @achi@cfre |
| 102 | @aCN@b110000 | |
| 105 | @ay z 000yy | |
| 200 | 10 | @a位错@Awei cuo@f(法)弗里埃德尔(J. Friedel)著@g王煜译 |
| 205 | @a增订版 | |
| 210 | @a北京@c科学出版社@d1984 | |
| 215 | @a462页@d25cm | |
| 300 | @a书名原文:Dislocations | |
| 510 | 1 | @aDislocations@zfre |
| 606 | @a位错 | |
| 690 | @aO77@v3 | |
| 701 | A1 | @aFriedel@bJ.@4著 |
| 701 | 1 | @a弗里埃德尔@Afu li ai de er@bJ.@4著 |
| 702 | 0 | @a王煜@Awang yu@4译 |
| 801 | 2 | @aCN@bNLC@c20060819 |
| 801 | 0 | @aCN@bTSSF |
| 905 | @a10447@dO77@e14=2 | |
| 位错/(法)弗里埃德尔(J. Friedel)著/王煜译.-增订版.-北京:科学出版社,1984 |
| 462页;25cm |
| 书名原文:Dislocations |
| ISBN :CNY4.60(精装¥5.60) |
| ● |
| 相关链接 |
|
|
|
|
正题名:位错
索取号:O77/14=2
 
预约/预借
| 序号 | 登录号 | 条形码 | 馆藏地/架位号 | 状态 | 备注 |
| 1 | 0468843 | 204688436 | 密集书库/ [索取号:O77/14=2] | 在馆 |